000 00499nam a2200181 a 4500
005 20140412111235.0
008 010530s19uu xx 00 eng d
020 _a0-590-44285-6
050 _aER
_bCl61Ma 1987
100 _aBridwell, Norman
245 _aClifford's manners /
_cNorman Bridwell.
260 _aNew York :
_bScholastic Inc,
_c1987.
300 _a1v. (unp.) ; ill.
440 _aClifford The Big Red Dog Series
650 _aGood manners
650 _aEtiquette
999 _c102376
_d102376